| 000 | 00876nam a22001577a 4500 | ||
|---|---|---|---|
| 003 | OSt | ||
| 005 | 20151112144656.0 | ||
| 008 | 151112b xxu||||| |||| 00| 0 eng d | ||
| 040 | _cRUA | ||
| 082 | _aFOR PAN 2005 B132 Or.1 | ||
| 100 |
_93610 _aPAN; SOCHEA. |
||
| 245 | _aThe experimental process of vanda cattleya and dendrobium ochhid growth technique at the forestry faculty of royal university of agriculture, ដំណើរការពិសោធន៏អំពីបច្ចេកទេសដាំ អ័រគីដេព្រៃ ប្រភេទ vanda cattleya dendrobium នៅក្នុងស្ថានីយ៏ស្រាវជ្រាវរុក្ខកម្មរបស់សាកលវិទ្យាល័យផូមិន្ទកសិកម្ម | ||
| 260 |
_aPhnom Penh _bRUA _c2005 |
||
| 300 |
_aix; 47p. _bill. _c29cm. |
||
| 942 |
_2ddc _cFOR |
||
| 999 |
_c3361 _d3361 |
||